[Event "Dutch Internet Championship Final"]
[Site "playchess.com #038132"]
[Date "2011.06.18"]
[Round "2.3"]
[White "Christov"]
[Black "Reinderman"]
[Result "1-0"]
[WhiteElo "2457"]
[BlackElo "2527"]
[PlyCount "89"]
[EventDate "2011.06.18"]
[EventType "match (blitz)"]
[TimeControl "180+3"]

1. e4 {[%emt 0:00:01]} c5 {[%emt 0:00:01]} 2. Nf3 {[%emt 0:00:01]} d6 {[%emt 0:
00:01]} 3. Nc3 {[%emt 0:00:01]} Nc6 {[%emt 0:00:03]} 4. d4 {[%emt 0:00:01]}
cxd4 {[%emt 0:00:01]} 5. Nxd4 {[%emt 0:00:00]} g6 {[%emt 0:00:01]} 6. Be3 {
[%emt 0:00:01]} Bg7 {[%emt 0:00:01]} 7. Qd2 {[%emt 0:00:01]} Nf6 {[%emt 0:00:
01]} 8. f3 {[%emt 0:00:01]} O-O {[%emt 0:00:01]} 9. Bc4 {[%emt 0:00:02]} Bd7 {
[%emt 0:00:04]} 10. O-O-O {[%emt 0:00:02]} Na5 {[%emt 0:00:04]} 11. Bb3 {[%emt
0:00:03]} Rb8 {[%emt 0:00:01]} 12. h4 {[%emt 0:00:04]} b5 {[%emt 0:00:01]} 13.
Kb1 {[%emt 0:00:01]} Nc4 {[%emt 0:00:03]} 14. Bxc4 {[%emt 0:00:01]} bxc4 {
[%emt 0:00:01]} 15. Ka1 {[%emt 0:00:00]} Rb7 {[%emt 0:00:21]} 16. g4 {[%emt 0:
00:12]} Qc7 {[%emt 0:00:09]} 17. h5 {[%emt 0:00:03]} Rfb8 {[%emt 0:00:01]} 18.
Rb1 {[%emt 0:00:02]} Qa5 {[%emt 0:00:12]} 19. hxg6 {[%emt 0:00:04]} fxg6 {
[%emt 0:00:02]} 20. Nde2 {[%emt 0:00:09]} Be6 {[%emt 0:00:09]} 21. Bd4 {[%emt
0:00:09]} Bf7 {[%emt 0:00:15]} 22. a3 {[%emt 0:00:37]} e5 {[%emt 0:00:23]} 23.
Be3 {[%emt 0:00:07]} d5 {[%emt 0:00:20]} 24. Nxd5 {[%emt 0:00:08]} Qxd2 {[%emt
0:00:04]} 25. Nxf6+ {[%emt 0:00:02]} Bxf6 {[%emt 0:00:01]} 26. Bxd2 {[%emt 0:
00:00]} Rd7 {[%emt 0:00:07]} 27. Be3 {[%emt 0:00:12]} Rbd8 {[%emt 0:00:03]} 28.
Nc3 {[%emt 0:00:01]} h5 {[%emt 0:00:10]} 29. gxh5 {[%emt 0:00:03]} gxh5 {[%emt
0:00:01]} 30. Rbg1+ {[%emt 0:00:01]} Kh7 {[%emt 0:00:05]} 31. Bg5 {[%emt 0:00:
02]} Bxg5 {[%emt 0:00:10]} 32. Rxg5 {[%emt 0:00:01]} Re8 {[%emt 0:00:01]} 33.
Nd5 {[%emt 0:00:04]} Kh6 {[%emt 0:00:09]} 34. Rf5 {[%emt 0:00:13]} Bg6 {[%emt
0:00:11]} 35. Rf6 {[%emt 0:00:07]} Rf7 {[%emt 0:00:02]} 36. Rc6 {[%emt 0:00:13]
} Rg8 {[%emt 0:00:19]} 37. Nf6 {[%emt 0:00:07]} Rgf8 {[%emt 0:00:10]} 38. Ng4+
{[%emt 0:00:05]} Kg7 {[%emt 0:00:07]} 39. Nxe5 {[%emt 0:00:01]} Rf6 {[%emt 0:
00:01]} 40. Rc7+ {[%emt 0:00:09]} Bf7 {[%emt 0:00:02]} 41. Rxh5 {[%emt 0:00:03]
} c3 {[%emt 0:00:06]} 42. b4 {[%emt 0:00:06]} a5 {[%emt 0:00:05]} 43. Rf5 {
[%emt 0:00:07]} axb4 {[%emt 0:00:09]} 44. Rxf6 {[%emt 0:00:01]} Kxf6 {[%emt 0:
00:01]} 45. Nd7+ {[%emt 0:00:01] Reinderman geeft op  (Lag: Av=0.37s, max=2.9s)
} 1-0

[Event "Dutch Internet Championship Final"]
[Site "playchess.com #038132"]
[Date "2011.06.18"]
[Round "2.3"]
[White "Erikerik"]
[Black "kingloek"]
[Result "1-0"]
[WhiteElo "2638"]
[BlackElo "2919"]
[PlyCount "49"]
[EventDate "2011.06.18"]
[EventType "match (blitz)"]
[TimeControl "180+3"]

1. e4 {[%emt 0:00:01]} c5 {[%emt 0:00:01]} 2. Nc3 {[%emt 0:00:01]} d6 {[%emt 0:
00:02]} 3. f4 {[%emt 0:00:05]} g6 {[%emt 0:00:02]} 4. Nf3 {[%emt 0:00:01]} Bg7
{[%emt 0:00:01]} 5. Bb5+ {[%emt 0:00:02]} Bd7 {[%emt 0:00:02]} 6. Bxd7+ {[%emt
0:00:02]} Qxd7 {[%emt 0:00:02]} 7. O-O {[%emt 0:00:02]} Nc6 {[%emt 0:00:01]} 8.
d3 {[%emt 0:00:01]} e6 {[%emt 0:00:03]} 9. Be3 {[%emt 0:00:04]} Nd4 {[%emt 0:
00:05]} 10. Bxd4 {[%emt 0:00:05]} cxd4 {[%emt 0:00:01]} 11. Ne2 {[%emt 0:00:02]
} e5 {[%emt 0:00:15]} 12. c3 {[%emt 0:00:23]} dxc3 {[%emt 0:00:08]} 13. bxc3 {
[%emt 0:00:02]} exf4 {[%emt 0:00:07]} 14. d4 {[%emt 0:00:04]} Nf6 {[%emt 0:00:
05]} 15. Nxf4 {[%emt 0:00:40]} O-O {[%emt 0:00:08]} 16. Re1 {[%emt 0:00:08]}
Rac8 {[%emt 0:00:08]} 17. Qb3 {[%emt 0:00:04]} Qc6 {[%emt 0:00:12]} 18. Rac1 {
[%emt 0:01:37]} Nxe4 {[%emt 0:00:07]} 19. Nd5 {[%emt 0:00:05]} Rfe8 {[%emt 0:
00:07]} 20. Rc2 {[%emt 0:00:20]} Kf8 {[%emt 0:01:11] '} 21. Rce2 {[%emt 0:00:
05]} Nf6 {[%emt 0:00:44]} 22. Ne7 {[%emt 0:00:03]} Qxc3 {[%emt 0:00:05]} 23.
Nxc8 {[%emt 0:00:05]} Qxb3 {[%emt 0:00:08]} 24. Rxe8+ {[%emt 0:00:04]} Nxe8 {
[%emt 0:00:02]} 25. axb3 {[%emt 0:00:01] kingloek resigns  (Lag: Av=0.56s,
max=1.9s)} 1-0

[Event "Dutch Internet Championship Final"]
[Site "playchess.com #038132"]
[Date "2011.06.18"]
[Round "2.5"]
[White "Christov"]
[Black "Reinderman"]
[Result "1-0"]
[WhiteElo "2462"]
[BlackElo "2522"]
[PlyCount "117"]
[EventDate "2011.06.18"]
[EventType "match (blitz)"]
[TimeControl "180+3"]

1. e4 {[%emt 0:00:02]} Nf6 {[%emt 0:00:01]} 2. e5 {[%emt 0:00:01]} Nd5 {[%emt
0:00:01]} 3. d4 {[%emt 0:00:00]} d6 {[%emt 0:00:01]} 4. Nf3 {[%emt 0:00:00]}
dxe5 {[%emt 0:00:02]} 5. Nxe5 {[%emt 0:00:03]} c6 {[%emt 0:00:01]} 6. Be2 {
[%emt 0:00:11]} Nd7 {[%emt 0:00:01]} 7. Nf3 {[%emt 0:00:02]} N7f6 {[%emt 0:00:
01]} 8. c4 {[%emt 0:00:02]} Nc7 {[%emt 0:00:05]} 9. Nc3 {[%emt 0:00:02]} Bg4 {
[%emt 0:00:01]} 10. h3 {[%emt 0:00:01]} Bh5 {[%emt 0:00:01]} 11. O-O {[%emt 0:
00:01]} e6 {[%emt 0:00:01]} 12. Be3 {[%emt 0:00:05]} Be7 {[%emt 0:00:02]} 13.
Ne5 {[%emt 0:00:03]} Bxe2 {[%emt 0:00:02]} 14. Qxe2 {[%emt 0:00:00]} O-O {
[%emt 0:00:04]} 15. Rad1 {[%emt 0:00:02]} Nd7 {[%emt 0:00:07]} 16. f4 {[%emt 0:
00:02]} f6 {[%emt 0:00:04]} 17. Nd3 {[%emt 0:00:08]} Re8 {[%emt 0:00:03]} 18.
Ne4 {[%emt 0:00:05]} Bf8 {[%emt 0:00:12]} 19. Qh5 {[%emt 0:00:04]} Qe7 {[%emt
0:00:07]} 20. Bf2 {[%emt 0:00:08]} Qf7 {[%emt 0:00:03]} 21. Qf3 {[%emt 0:00:02]
} Rad8 {[%emt 0:00:04]} 22. Rfe1 {[%emt 0:00:03]} Na6 {[%emt 0:00:13]} 23. Re2
{[%emt 0:00:24]} Nb4 {[%emt 0:00:07]} 24. Nxb4 {[%emt 0:00:09]} Bxb4 {[%emt 0:
00:01]} 25. Qb3 {[%emt 0:00:08]} a5 {[%emt 0:00:25]} 26. c5 {[%emt 0:00:08]}
Qh5 {[%emt 0:01:05]} 27. Kf1 {[%emt 0:00:29]} Qd5 {[%emt 0:00:05]} 28. Qxd5 {
[%emt 0:00:49]} exd5 {[%emt 0:00:05]} 29. Nd6 {[%emt 0:00:01]} Rxe2 {[%emt 0:
00:04]} 30. Kxe2 {[%emt 0:00:00]} a4 {[%emt 0:00:26]} 31. Nxb7 {[%emt 0:00:05]}
Rb8 {[%emt 0:00:03]} 32. Nd6 {[%emt 0:00:08]} Ba5 {[%emt 0:00:02]} 33. Rb1 {
[%emt 0:00:02]} Bc3 {[%emt 0:00:07]} 34. b3 {[%emt 0:00:02]} axb3 {[%emt 0:00:
30]} 35. Rxb3 {[%emt 0:00:04]} Rxb3 {[%emt 0:00:01]} 36. axb3 {[%emt 0:00:01]}
Kf8 {[%emt 0:00:08]} 37. Kd3 {[%emt 0:00:02]} Bb4 {[%emt 0:00:04]} 38. f5 {
[%emt 0:00:08]} Nb8 {[%emt 0:00:02]} 39. g4 {[%emt 0:00:04]} Ke7 {[%emt 0:00:
04]} 40. Bg3 {[%emt 0:00:04]} Kd7 {[%emt 0:00:05]} 41. Ne8 {[%emt 0:00:10]}
Kxe8 {[%emt 0:00:06]} 42. Bxb8 {[%emt 0:00:01]} Kd7 {[%emt 0:00:01]} 43. Bf4 {
[%emt 0:00:01]} Be1 {[%emt 0:00:04]} 44. Bd2 {[%emt 0:00:02]} Bg3 {[%emt 0:00:
01]} 45. b4 {[%emt 0:00:01]} Kc7 {[%emt 0:00:03]} 46. Kc3 {[%emt 0:00:01]} Kb7
{[%emt 0:00:01]} 47. Kb3 {[%emt 0:00:01]} Ka6 {[%emt 0:00:01]} 48. Ka4 {[%emt
0:00:01]} Bh2 {[%emt 0:00:02]} 49. h4 {[%emt 0:00:04]} Bg3 {[%emt 0:00:02]} 50.
h5 {[%emt 0:00:13]} Bf2 {[%emt 0:00:03]} 51. h6 {[%emt 0:00:06]} gxh6 {[%emt 0:
00:02]} 52. Bxh6 {[%emt 0:00:00]} Bxd4 {[%emt 0:00:02]} 53. Bg7 {[%emt 0:00:01]
} Be3 {[%emt 0:00:24]} 54. Bxf6 {[%emt 0:00:03]} d4 {[%emt 0:00:02]} 55. Kb3 {
[%emt 0:00:18] .} d3 {[%emt 0:00:01]} 56. g5 {[%emt 0:00:06]} d2 {[%emt 0:00:
08]} 57. Kc2 {[%emt 0:00:01]} Kb5 {[%emt 0:00:01]} 58. g6 {[%emt 0:00:01]} h6 {
[%emt 0:00:01]} 59. g7 {[%emt 0:00:02] Reinderman geeft op  (Lag: Av=0.39s,
max=2.4s)} 1-0

[Event "Dutch Internet Championship Final"]
[Site "playchess.com #038132"]
[Date "2011.06.18"]
[Round "2.5"]
[White "Daanbrandenburg"]
[Black "Jan Smeets"]
[Result "0-1"]
[WhiteElo "2751"]
[BlackElo "2792"]
[PlyCount "74"]
[EventDate "2011.06.18"]
[EventType "match (blitz)"]
[TimeControl "180+3"]

1. e4 {[%emt 0:00:01]} e5 {[%emt 0:00:01]} 2. Nf3 {[%emt 0:00:02]} Nf6 {[%emt
0:00:01]} 3. Nxe5 {[%emt 0:00:03]} d6 {[%emt 0:00:01]} 4. Nf3 {[%emt 0:00:01]}
Nxe4 {[%emt 0:00:00]} 5. d4 {[%emt 0:00:01]} d5 {[%emt 0:00:01]} 6. Bd3 {[%emt
0:00:01]} Nc6 {[%emt 0:00:01]} 7. O-O {[%emt 0:00:02]} Be7 {[%emt 0:00:00]} 8.
Re1 {[%emt 0:00:01]} Bg4 {[%emt 0:00:09]} 9. c4 {[%emt 0:00:20]} Bxf3 {[%emt 0:
00:25]} 10. Qxf3 {[%emt 0:00:17]} Nxd4 {[%emt 0:00:01]} 11. Qe3 {[%emt 0:00:22]
} Nf5 {[%emt 0:00:43]} 12. Qf4 {[%emt 0:00:07]} g6 {[%emt 0:00:33]} 13. cxd5 {
[%emt 0:00:07]} Ned6 {[%emt 0:00:01]} 14. Nc3 {[%emt 0:00:08]} O-O {[%emt 0:00:
01]} 15. Qg4 {[%emt 0:00:14]} Re8 {[%emt 0:00:09]} 16. Bf4 {[%emt 0:00:03]} Rc8
{[%emt 0:00:32]} 17. Ne4 {[%emt 0:00:07]} Nxe4 {[%emt 0:00:09]} 18. Bxe4 {
[%emt 0:00:01]} Nd6 {[%emt 0:00:02]} 19. Bd3 {[%emt 0:00:01]} Bf6 {[%emt 0:00:
03]} 20. g3 {[%emt 0:00:46]} Kg7 {[%emt 0:00:11]} 21. h4 {[%emt 0:00:15]} h5 {
[%emt 0:00:04]} 22. Qf3 {[%emt 0:00:01]} Bxb2 {[%emt 0:00:12]} 23. Rab1 {[%emt
0:00:04]} Rxe1+ {[%emt 0:00:03]} 24. Rxe1 {[%emt 0:00:01]} Qf6 {[%emt 0:00:06]}
25. Kg2 {[%emt 0:00:10]} Bd4 {[%emt 0:00:07]} 26. Bc2 {[%emt 0:00:28]} Re8 {
[%emt 0:00:12]} 27. Rxe8 {[%emt 0:00:04]} Nxe8 {[%emt 0:00:00]} 28. Qb3 {[%emt
0:00:13]} Nd6 {[%emt 0:00:06]} 29. Qf3 {[%emt 0:00:13]} Be5 {[%emt 0:00:09]}
30. Be3 {[%emt 0:00:07]} b6 {[%emt 0:00:12]} 31. Qxf6+ {[%emt 0:00:05]} Kxf6 {
[%emt 0:00:01]} 32. f4 {[%emt 0:00:00]} Bc3 {[%emt 0:00:03]} 33. Kf3 {[%emt 0:
00:03]} Nf5 {[%emt 0:00:02]} 34. Bf2 {[%emt 0:00:01]} Ke7 {[%emt 0:00:03]} 35.
g4 {[%emt 0:00:06]} hxg4+ {[%emt 0:00:03]} 36. Kxg4 {[%emt 0:00:00]} Ng7 {
[%emt 0:00:07]} 37. Bg3 {[%emt 0:00:06]} f5+ {[%emt 0:00:03]} 0-1

[Event "Dutch Internet Championship Final"]
[Site "playchess.com #038132"]
[Date "2011.06.18"]
[Round "2.4"]
[White "Ivan Sokolov"]
[Black "Rossetis"]
[Result "1-0"]
[WhiteElo "2366"]
[BlackElo "2469"]
[PlyCount "55"]
[EventDate "2011.06.18"]
[EventType "match (blitz)"]
[TimeControl "180+3"]

1. d4 {[%emt 0:00:03]} Nf6 {[%emt 0:00:03]} 2. c4 {[%emt 0:00:01]} c5 {[%emt 0:
00:02]} 3. d5 {[%emt 0:00:02]} b5 {[%emt 0:00:01]} 4. Qc2 {[%emt 0:00:02]} bxc4
{[%emt 0:00:02]} 5. e4 {[%emt 0:00:02]} d6 {[%emt 0:00:01]} 6. Bxc4 {[%emt 0:
00:03]} g6 {[%emt 0:00:01]} 7. Nf3 {[%emt 0:00:06]} Bg7 {[%emt 0:00:01]} 8. O-O
{[%emt 0:00:02]} O-O {[%emt 0:00:02]} 9. Re1 {[%emt 0:00:03]} Nbd7 {[%emt 0:00:
03]} 10. Nc3 {[%emt 0:00:02]} Ne8 {[%emt 0:00:07]} 11. Bf4 {[%emt 0:00:03]} Rb8
{[%emt 0:00:06]} 12. Rad1 {[%emt 0:00:06]} Qa5 {[%emt 0:00:05]} 13. e5 {[%emt
0:00:07]} dxe5 {[%emt 0:00:09]} 14. Nxe5 {[%emt 0:00:01]} Nxe5 {[%emt 0:00:06]}
15. Bxe5 {[%emt 0:00:01]} Nd6 {[%emt 0:00:11]} 16. Bxg7 {[%emt 0:00:02]} Kxg7 {
[%emt 0:00:01]} 17. b3 {[%emt 0:00:04]} Bf5 {[%emt 0:00:07]} 18. Bd3 {[%emt 0:
00:23]} Rfe8 {[%emt 0:00:13]} 19. h3 {[%emt 0:00:08]} Rb4 {[%emt 0:00:11]} 20.
Bxf5 {[%emt 0:00:07]} Nxf5 {[%emt 0:00:08]} 21. Ne4 {[%emt 0:00:01]} Rd8 {
[%emt 0:00:21]} 22. Qc3+ {[%emt 0:00:11]} Kg8 {[%emt 0:00:12]} 23. d6 {[%emt 0:
00:37]} Nxd6 {[%emt 0:01:03]} 24. Rxd6 {[%emt 0:00:07]} exd6 {[%emt 0:00:02]}
25. Nf6+ {[%emt 0:00:02]} Kf8 {[%emt 0:00:01]} 26. Nd5 {[%emt 0:00:15]} Kg8 {
[%emt 0:00:14]} 27. Ne7+ {[%emt 0:00:05]} Kf8 {[%emt 0:00:01]} 28. Qh8# {[%emt
0:00:03] (Lag: Av=0.26s, max=0.8s)} 1-0

[Event "Dutch Internet Championship Final"]
[Site "playchess.com #038132"]
[Date "2011.06.18"]
[Round "2.6"]
[White "Jan Smeets"]
[Black "Daanbrandenburg"]
[Result "1-0"]
[WhiteElo "2807"]
[BlackElo "2736"]
[PlyCount "63"]
[EventDate "2011.06.18"]
[EventType "match (blitz)"]
[TimeControl "180+3"]

1. d4 {[%emt 0:00:02]} Nf6 {[%emt 0:00:02]} 2. Nf3 {[%emt 0:00:02]} c5 {[%emt
0:00:01]} 3. c3 {[%emt 0:00:01]} g6 {[%emt 0:00:03]} 4. dxc5 {[%emt 0:00:06]}
Bg7 {[%emt 0:00:04]} 5. b4 {[%emt 0:00:01]} O-O {[%emt 0:00:01]} 6. Bb2 {[%emt
0:00:04]} a5 {[%emt 0:00:07]} 7. a3 {[%emt 0:00:03]} Ne4 {[%emt 0:00:13]} 8. e3
{[%emt 0:00:19]} b6 {[%emt 0:00:07]} 9. Qd5 {[%emt 0:00:16]} axb4 {[%emt 0:01:
14]} 10. Qxe4 {[%emt 0:00:10]} Ra4 {[%emt 0:00:17]} 11. axb4 {[%emt 0:00:04]}
Rxa1 {[%emt 0:00:01]} 12. Bxa1 {[%emt 0:00:01]} bxc5 {[%emt 0:00:00]} 13. Be2 {
[%emt 0:00:29]} d5 {[%emt 0:00:01]} 14. Qc2 {[%emt 0:00:07]} cxb4 {[%emt 0:00:
02]} 15. O-O {[%emt 0:00:12]} Qa5 {[%emt 0:00:02]} 16. Nbd2 {[%emt 0:00:09]}
bxc3 {[%emt 0:00:05]} 17. Nb3 {[%emt 0:00:01]} Qb4 {[%emt 0:00:01]} 18. Nbd4 {
[%emt 0:00:07]} e5 {[%emt 0:00:03]} 19. Bxc3 {[%emt 0:00:03]} Qc5 {[%emt 0:00:
06]} 20. Nb3 {[%emt 0:00:01]} Qc7 {[%emt 0:00:10]} 21. Qb2 {[%emt 0:00:02]} Nc6
{[%emt 0:00:07]} 22. Rc1 {[%emt 0:00:11]} Qd6 {[%emt 0:00:01]} 23. Bb5 {[%emt
0:00:07]} d4 {[%emt 0:00:18]} 24. exd4 {[%emt 0:00:09]} exd4 {[%emt 0:00:08]}
25. Nbxd4 {[%emt 0:00:02]} Nxd4 {[%emt 0:00:05]} 26. Bxd4 {[%emt 0:00:04]} Bxd4
{[%emt 0:00:03]} 27. Qxd4 {[%emt 0:00:02]} Qa3 {[%emt 0:00:05]} 28. Qc3 {[%emt
0:00:03]} Qxc3 {[%emt 0:00:10]} 29. Rxc3 {[%emt 0:00:02]} Bg4 {[%emt 0:00:00]}
30. h3 {[%emt 0:00:04]} Be6 {[%emt 0:00:03]} 31. Nd4 {[%emt 0:00:02]} Bd5 {
[%emt 0:00:02]} 32. Bc6 {[%emt 0:00:01] Daanbrandenburg geeft op  (Lag: Av=0.
23s, max=0.7s)} 1-0

[Event "Dutch Internet Championship Final"]
[Site "playchess.com #038132"]
[Date "2011.06.18"]
[Round "2.6"]
[White "Reinderman"]
[Black "Christov"]
[Result "0-1"]
[WhiteElo "2503"]
[BlackElo "2482"]
[PlyCount "108"]
[EventDate "2011.06.18"]
[EventType "match (blitz)"]
[TimeControl "180+3"]

1. c4 {[%emt 0:00:01]} c6 {[%emt 0:00:02]} 2. g3 {[%emt 0:00:02]} d5 {[%emt 0:
00:01]} 3. Bg2 {[%emt 0:00:01]} Nf6 {[%emt 0:00:01]} 4. Nf3 {[%emt 0:00:01]}
dxc4 {[%emt 0:00:04]} 5. O-O {[%emt 0:00:02]} Na6 {[%emt 0:00:08]} 6. Na3 {
[%emt 0:00:07]} Be6 {[%emt 0:00:25]} 7. Ng5 {[%emt 0:00:04]} Bf5 {[%emt 0:00:
26]} 8. Nxc4 {[%emt 0:00:02]} h6 {[%emt 0:00:04]} 9. Nxf7 {[%emt 0:00:34]} Kxf7
{[%emt 0:00:09]} 10. Qb3 {[%emt 0:00:04]} e6 {[%emt 0:00:20]} 11. Qxb7+ {[%emt
0:00:08]} Nc7 {[%emt 0:00:03]} 12. d3 {[%emt 0:00:17]} Kg8 {[%emt 0:00:09]} 13.
Bf4 {[%emt 0:00:19]} Ncd5 {[%emt 0:00:06]} 14. Be5 {[%emt 0:00:04]} Bg6 {[%emt
0:00:06]} 15. Qxc6 {[%emt 0:00:10]} Bf7 {[%emt 0:00:05]} 16. Rac1 {[%emt 0:00:
10]} Rc8 {[%emt 0:00:04]} 17. Qa6 {[%emt 0:00:06]} Qd7 {[%emt 0:00:13]} 18. a3
{[%emt 0:00:18]} Rd8 {[%emt 0:00:11]} 19. Na5 {[%emt 0:00:14]} Bd6 {[%emt 0:00:
34]} 20. Bxd6 {[%emt 0:00:10]} Qxd6 {[%emt 0:00:02]} 21. Qxa7 {[%emt 0:00:01]}
Rd7 {[%emt 0:00:06]} 22. Qc5 {[%emt 0:00:13]} Kh7 {[%emt 0:00:05]} 23. Qxd6 {
[%emt 0:00:04]} Rxd6 {[%emt 0:00:01]} 24. Nc4 {[%emt 0:00:01]} Ra6 {[%emt 0:00:
04]} 25. Ne5 {[%emt 0:00:07]} Ra7 {[%emt 0:00:06]} 26. Rc2 {[%emt 0:00:16]}
Rha8 {[%emt 0:00:07]} 27. Rfc1 {[%emt 0:00:03]} Be8 {[%emt 0:00:01]} 28. Rc5 {
[%emt 0:00:20]} Rb7 {[%emt 0:00:03]} 29. Nc4 {[%emt 0:00:07]} Rb3 {[%emt 0:00:
05]} 30. f4 {[%emt 0:00:05]} Rab8 {[%emt 0:00:05]} 31. f5 {[%emt 0:00:03]} Bf7
{[%emt 0:00:12]} 32. e4 {[%emt 0:00:09]} Nb6 {[%emt 0:00:02]} 33. Nd6 {[%emt 0:
00:05]} Bg8 {[%emt 0:00:04]} 34. R1c2 {[%emt 0:00:03]} Na4 {[%emt 0:00:02]} 35.
e5 {[%emt 0:00:02]} Nxc5 {[%emt 0:00:03]} 36. exf6 {[%emt 0:00:04]} Nxd3 {
[%emt 0:00:07]} 37. f7 {[%emt 0:00:05]} Bxf7 {[%emt 0:00:01]} 38. Nxf7 {[%emt
0:00:01]} exf5 {[%emt 0:00:01]} 39. Nd6 {[%emt 0:00:03]} Rxb2 {[%emt 0:00:01]}
40. Rxb2 {[%emt 0:00:01]} Rxb2 {[%emt 0:00:00]} 41. Nxf5 {[%emt 0:00:01]} Rb1+
{[%emt 0:00:02]} 42. Bf1 {[%emt 0:00:01]} Ra1 {[%emt 0:00:01]} 43. Kg2 {[%emt
0:00:03]} Ra2+ {[%emt 0:00:02]} 44. Kg1 {[%emt 0:00:02]} Rxa3 {[%emt 0:00:01]}
45. Ne3 {[%emt 0:00:02]} Ne5 {[%emt 0:00:02]} 46. Nd5 {[%emt 0:00:05]} Kg6 {
[%emt 0:00:04]} 47. Nf4+ {[%emt 0:00:02]} Kf5 {[%emt 0:00:01]} 48. Kf2 {[%emt
0:00:05]} g5 {[%emt 0:00:03]} 49. Ne2 {[%emt 0:00:02]} Ng4+ {[%emt 0:00:05]}
50. Kg1 {[%emt 0:00:01]} Ra1 {[%emt 0:00:02]} 51. Nd4+ {[%emt 0:00:05]} Ke4 {
[%emt 0:00:03]} 52. Nc2 {[%emt 0:00:02]} Rc1 {[%emt 0:00:02]} 53. h3 {[%emt 0:
00:01]} Rxc2 {[%emt 0:00:03]} 54. hxg4 {[%emt 0:00:01]} Kf3 {[%emt 0:00:01]
Reinderman geeft op  (Lag: Av=0.28s, max=1.0s)} 0-1

[Event "Dutch Internet Championship Final"]
[Site "playchess.com #038132"]
[Date "2011.06.18"]
[Round "2.7"]
[White "Daanbrandenburg"]
[Black "Jan Smeets"]
[Result "0-1"]
[WhiteElo "2722"]
[BlackElo "2821"]
[PlyCount "52"]
[EventDate "2011.06.18"]
[EventType "match (blitz)"]
[TimeControl "180+3"]

1. e4 {[%emt 0:00:01]} d5 {[%emt 0:00:01]} 2. exd5 {[%emt 0:00:01]} Qxd5 {
[%emt 0:00:01]} 3. Nc3 {[%emt 0:00:01]} Qa5 {[%emt 0:00:01]} 4. d4 {[%emt 0:00:
02]} c6 {[%emt 0:00:02]} 5. Bc4 {[%emt 0:00:02]} Bf5 {[%emt 0:00:09]} 6. Nge2 {
[%emt 0:00:01]} e6 {[%emt 0:00:04]} 7. O-O {[%emt 0:00:01]} Nd7 {[%emt 0:00:03]
} 8. Ng3 {[%emt 0:00:01]} Bg6 {[%emt 0:00:02]} 9. f4 {[%emt 0:00:01]} Ne7 {
[%emt 0:00:28]} 10. Kh1 {[%emt 0:00:15]} h5 {[%emt 0:00:03]} 11. Nge4 {[%emt 0:
00:05]} Nf5 {[%emt 0:00:10]} 12. Ng5 {[%emt 0:00:17]} O-O-O {[%emt 0:00:23]}
13. Bd3 {[%emt 0:00:11]} Nf6 {[%emt 0:00:18]} 14. Bd2 {[%emt 0:00:12]} Qc7 {
[%emt 0:00:04]} 15. Ne2 {[%emt 0:00:20]} Be7 {[%emt 0:00:08]} 16. c3 {[%emt 0:
00:04]} Ng4 {[%emt 0:00:06]} 17. Qa4 {[%emt 0:00:23]} Bxg5 {[%emt 0:00:18]} 18.
Bxf5 {[%emt 0:00:19]} Bxf5 {[%emt 0:00:07]} 19. h3 {[%emt 0:00:02]} Bd3 {[%emt
0:00:23]} 20. Rae1 {[%emt 0:00:04]} Bh4 {[%emt 0:00:02]} 21. g3 {[%emt 0:00:23]
} Bxe2 {[%emt 0:00:10]} 22. Rxe2 {[%emt 0:00:01]} Bxg3 {[%emt 0:00:01]} 23. Kg2
{[%emt 0:00:01]} Bh4 {[%emt 0:00:08]} 24. hxg4 {[%emt 0:00:02]} hxg4 {[%emt 0:
00:08]} 25. Qxa7 {[%emt 0:00:05]} Rh5 {[%emt 0:00:26]} 26. Rh1 {[%emt 0:00:08]}
Ra5 {[%emt 0:00:03] Daanbrandenburg geeft op  (Lag: Av=0.63s, max=1.3s)} 0-1